[Event "Oslo Chess International - Håvard Vederhus' memorial"]
[Site "Ullevaal Stadion"]
[Date "2013.09.29"]
[Round "7"]
[White "Schmitz, Thorsten"]
[Black "Kvisvik, Brede Alex."]
[Result "1/2-1/2"]
[WhiteElo "2322"]
[BlackElo "2270"]
[PlyCount "113"]
[EventDate "2013.??.??"]

1. e4 c5 2. Nf3 d6 3. g3 Nf6 4. d3 g6 5. Bg2 Bg7 6. O-O O-O 7. c3 Nc6 8. Nbd2
Rb8 9. Re1 e5 10. h3 h6 11. Nb3 Be6 12. d4 cxd4 13. cxd4 Bxb3 14. axb3 exd4 15.
Nxd4 Nxd4 16. Qxd4 a6 17. Qc4 Re8 18. Bf4 Re6 19. Rad1 Ne8 20. Re2 a5 21. Qb5
g5 22. Be3 Re5 23. Qd3 b5 24. Rc2 Re7 25. Qd5 Rc7 26. Rxc7 Nxc7 27. Qc6 Ne8 28.
Rd5 Qc7 29. Qa6 a4 30. Rxb5 axb3 31. Rxb8 Qxb8 32. Qa3 Nf6 33. Bd4 Nd7 34. Bxg7
Kxg7 35. Bf1 Ne5 36. Be2 Qb6 37. Qa4 Nc6 38. Qc4 Nd4 39. Bd1 Kf6 40. Kg2 Kg7
41. Qd5 Kg8 42. Bh5 Ne6 43. Be2 Qd4 44. Qxb3 Nc5 45. Qb6 Qxe4+ 46. Bf3 Qe5 47.
Qb5 Qd4 48. Qe2 Kg7 49. Bh5 Nd3 50. b3 Qd5+ 51. Bf3 Qxb3 52. Qe3 Qc3 53. Be4
Ne1+ 54. Kf1 Qxe3 55. fxe3 d5 56. Bxd5 Nd3 57. Ke2
1/2-1/2

[Event "Oslo Chess International - Håvard Vederhus' memorial"]
[Site "Ullevaal Stadion"]
[Date "2013.09.29"]
[Round "7"]
[White "Haugli, Petter"]
[Black "Lundin, Jan"]
[Result "1/2-1/2"]
[WhiteElo "2293"]
[BlackElo "2285"]
[PlyCount "125"]
[EventDate "2013.??.??"]

1. d4 f5 2. Nf3 Nf6 3. g3 g6 4. Bg2 Bg7 5. O-O O-O 6. b3 d6 7. Bb2 c6 8. Nbd2
Na6 9. c4 Bd7 10. a3 Nc7 11. Qc2 Nh5 12. e4 f4 13. d5 fxg3 14. hxg3 Bxb2 15.
Qxb2 e5 16. dxe6 Nxe6 17. e5 d5 18. cxd5 cxd5 19. Nd4 Nxd4 20. Qxd4 Be6 21. Nf3
Ng7 22. Qd2 Qb6 23. Nd4 Rad8 24. Qb4 Qc7 25. Rfe1 Qf7 26. Ra2 Rd7 27. Rd2 Rfd8
28. Qc5 b6 29. Qb4 Nf5 30. Rc1 Nxd4 31. Qxd4 Qe7 32. b4 Rc7 33. Rdc2 Rc4 34.
Qd2 Qc7 35. Qg5 Re8 36. Rxc4 dxc4 37. Rc3 Qd8 38. Qxd8 Rxd8 39. Bc6 Kf8 40. f4
Ke7 41. Bb5 Rd4 42. Kf2 Bd5 43. Ke3 Re4+ 44. Kd2 g5 45. fxg5 Ke6 46. Re3 Rxe3
47. Kxe3 Kxe5 48. g4 Bf7 49. Ba6 c3 50. Kd3 Be6 51. Kxc3 Bxg4 52. a4 Bf3 53. a5
Kf4 54. axb6 axb6 55. Bd3 Be4 56. Bxe4 Kxe4 57. Kc4 Kf5 58. Kb5 Kxg5 59. Kxb6
h5 60. b5 h4 61. Kc7 h3 62. b6 h2 63. b7
1/2-1/2

[Event "Oslo Chess International - Håvard Vederhus' memorial"]
[Site "Ullevaal Stadion"]
[Date "2013.09.29"]
[Round "7"]
[White "Persson, Mats"]
[Black "Nagarajan, Raghavi"]
[Result "0-1"]
[WhiteElo "2238"]
[BlackElo "2174"]
[PlyCount "39"]
[EventDate "2013.??.??"]

1. e4 e5 2. Nc3 Nf6 3. g3 Bc5 4. Bg2 O-O 5. Nge2 c6 6. Na4 Be7 7. d4 exd4 8.
Qxd4 d5 9. exd5 Nxd5 10. Bd2 Bf5 11. Be4 Bf6 12. Qd3 Bxe4 13. Qxe4 Re8 14. Qd3
Nd7 15. O-O-O b5 16. Nac3 Ne5 17. Qf5 Nc4 18. Nf4 Nxf4 19. Bxf4 Qa5 20. Rd7
0-1

[Event "Oslo Chess International - Håvard Vederhus' memorial"]
[Site "Ullevaal Stadion"]
[Date "2013.09.29"]
[Round "7"]
[White "Vea, Odin Blikra"]
[Black "Bjerke, Richard"]
[Result "1-0"]
[WhiteElo "2226"]
[BlackElo "2173"]
[PlyCount "87"]
[EventDate "2013.??.??"]

1. e4 c5 2. Nf3 e6 3. g3 Nc6 4. Bg2 d6 5. O-O Nf6 6. Qe2 Be7 7. c3 O-O 8. d4
cxd4 9. cxd4 d5 10. e5 Ne4 11. Nbd2 f5 12. exf6 Bxf6 13. Nxe4 dxe4 14. Qxe4
Nxd4 15. Nxd4 Bxd4 16. Be3 Bxb2 17. Rab1 Bf6 18. Qc4 Rf7 19. Rfd1 Qe8 20. Be4
Kh8 21. Rb5 e5 22. Rdb1 Be6 23. Qe2 b6 24. Qh5 Qg8 25. Bxa8 Qxa8 26. a4 Rf8 27.
a5 bxa5 28. Rxa5 Qe4 29. Rb2 g6 30. Qe2 Bg4 31. f3 Bxf3 32. Qf2 Bg7 33. Rab5
Qd3 34. Rb8 e4 35. Rxf8+ Bxf8 36. Qd2 Bd6 37. Kf2 Qa6 38. Qd4+ Kg8 39. Qd5+ Kf8
40. Bh6+ Ke8 41. Qe6+ Kd8 42. Bg5+ Kc7 43. Rc2+ Kb8 44. Qe8+
1-0

[Event "Oslo Chess International - Håvard Vederhus' memorial"]
[Site "Ullevaal Stadion"]
[Date "2013.09.29"]
[Round "7"]
[White "Koskela, Niina"]
[Black "Merkesvik, Sondre"]
[Result "1-0"]
[WhiteElo "2220"]
[BlackElo "2055"]
[PlyCount "152"]
[EventDate "2013.??.??"]

1. e4 c5 2. Nf3 d6 3. d4 cxd4 4. Nxd4 Nf6 5. Nc3 g6 6. Be2 Nc6 7. Nb3 Bg7 8.
O-O O-O 9. Be3 a6 10. f4 b5 11. Bf3 e5 12. f5 Bb7 13. fxg6 hxg6 14. Qd2 Qc7 15.
Rad1 Rad8 16. Qf2 Rde8 17. Bb6 Qb8 18. Kh1 Ne7 19. Rfe1 b4 20. Nb1 Rc8 21. c3
d5 22. exd5 Nexd5 23. Bxd5 Nxd5 24. Be3 bxc3 25. Nxc3 Nxc3 26. bxc3 Rxc3 27.
Nc5 Bc8 28. Ne4 Rc6 29. Qh4 Bf5 30. Ng3 Be6 31. Bh6 Rc4 32. Re4 Qb4 33. Bg5 Bd5
34. Rxc4 Qxc4 35. Qxc4 Bxc4 36. a3 Rb8 37. Ne4 Be2 38. Rc1 Bd3 39. Nf6+ Kh8 40.
Kg1 Rb1 41. Rxb1 Bxb1 42. Kf2 Bf5 43. Nd5 Be4 44. Nc7 Bd3 45. Ne8 Bf8 46. Bf6+
Kg8 47. Bxe5 Bxa3 48. Ke3 Bf1 49. g4 Kf8 50. Nf6 a5 51. Bc3 a4 52. Kd2 Ke7 53.
h4 Bd6 54. h5 Bf4+ 55. Ke1 Bc4 56. h6 Bxh6 57. Ng8+ Ke6 58. Nxh6 f6 59. Ng8 f5
60. g5 Kd7 61. Nf6+ Kc6 62. Bb4 Kb5 63. Bd6 Kc6 64. Ba3 Be6 65. Kd2 Kb5 66. Kc3
Bb3 67. Kd4 Ba2 68. Nd7 Bf7 69. Ne5 Be8 70. Kd5 Ka5 71. Kc5 Ka6 72. Nc4 Bf7 73.
Nd6 Be6 74. Bb4 Bd7 75. Nc4 Be8 76. Bc3 Kb7
1-0

[Event "Oslo Chess International - Håvard Vederhus' memorial"]
[Site "Ullevaal Stadion"]
[Date "2013.09.29"]
[Round "7"]
[White "Martinsen, Stig K."]
[Black "Andersen, Alf Roger"]
[Result "1/2-1/2"]
[WhiteElo "2134"]
[BlackElo "2207"]
[PlyCount "131"]
[EventDate "2013.??.??"]

1. d4 f5 2. g3 Nf6 3. Bg2 g6 4. Nh3 Nc6 5. c3 d6 6. Qb3 e5 7. dxe5 Nxe5 8. Nf4
c6 9. O-O Qe7 10. Nd2 Bg7 11. c4 O-O 12. Nf3 Nf7 13. Be3 g5 14. Nd3 Ng4 15. Bd4
Nge5 16. Nfxe5 Bxe5 17. Nxe5 dxe5 18. Bc3 f4 19. e3 fxe3 20. fxe3 Be6 21. Qb4
Qxb4 22. Bxb4 Rfd8 23. b3 Rd3 24. Kf2 a5 25. Be4 Rd7 26. Bc3 Bh3 27. Rfd1 Nd6
28. Bg2 Rf7+ 29. Kg1 Bxg2 30. Kxg2 Nf5 31. Re1 e4 32. Rad1 a4 33. bxa4 h5 34.
a5 g4 35. Rd2 h4 36. Rf2 Raf8 37. Rf4 h3+ 38. Kg1 Kh7 39. Rxg4 Nxe3 40. Rh4+
Kg6 41. Rf4 Rxf4 42. gxf4 Ng4 43. Rxe4 Kf5 44. Rd4 Re8 45. Rd3 Re2 46. Rxh3
Kxf4 47. Rh7 Rc2 48. Bb4 Rc1+ 49. Kg2 Rc2+ 50. Kf1 Nxh2+ 51. Rxh2 Rxh2 52. Bd6+
Ke4 53. Bxh2 Kd4 54. Ke2 Kxc4 55. Kd2 c5 56. Bc7 Kb5 57. Kc3 Ka6 58. Bb6 c4 59.
Bd8 Ka7 60. Kxc4 Ka8 61. Bc7 Ka7 62. Kc5 Ka8 63. Kd6 Ka7 64. Kd7 Ka8 65. Bb6
Kb8 66. Kd8
1/2-1/2

[Event "Oslo Chess International - Håvard Vederhus' memorial"]
[Site "Ullevaal Stadion"]
[Date "2013.09.29"]
[Round "7"]
[White "Røyset, Pål"]
[Black "Lillevold, Frode"]
[Result "1-0"]
[WhiteElo "2179"]
[BlackElo "2161"]
[PlyCount "154"]
[EventDate "2013.??.??"]

1. e4 e5 2. Bc4 Nf6 3. d3 Nc6 4. Nf3 Be7 5. O-O O-O 6. Re1 d6 7. c3 Na5 8. Bb5
a6 9. Ba4 c5 10. Nbd2 Qc7 11. Nf1 h6 12. Ng3 Be6 13. h3 Rad8 14. Qe2 Nh7 15.
Bc2 Nc6 16. Nf5 Rfe8 17. Nxe7+ Rxe7 18. Nh4 d5 19. Nf5 Bxf5 20. exf5 Nf6 21.
Qe3 d4 22. Qg3 Kh7 23. c4 Qd7 24. f3 Qxf5 25. a3 Rd6 26. Bd2 Nh5 27. Qg4 Qxg4
28. hxg4 Nf4 29. b4 cxb4 30. axb4 Ng6 31. b5 axb5 32. cxb5 Nd8 33. Bb4 Red7 34.
Bxd6 Rxd6 35. Bb3 f6 36. g3 Nf8 37. Rec1 Nd7 38. Ra8 Nb6 39. Rb8 Rd7 40. f4 Kg6
41. fxe5 fxe5 42. Re1 Kf6 43. Kf2 Ke7 44. Rc1 Kd6 45. Kf3 Nd5 46. Bxd5 Kxd5 47.
Rcc8 Ne6 48. b6 Rf7+ 49. Ke2 e4 50. dxe4+ Kxe4 51. Rc4 Kd5 52. Rbc8 Rd7 53. Ra4
Rd6 54. Rb4 Rc6 55. Rxc6 Kxc6 56. Kd3 Kc5 57. Rb1 Kd5 58. Rf1 Nc5+ 59. Ke2 Ke6
60. Rf4 Nd7 61. Rxd4 Ke7 62. Kf3 Nxb6 63. Rb4 Nd5 64. Rxb7+ Kf6 65. Rb5 Ne7 66.
Ke4 Kg6 67. Kf4 Ng8 68. Rb6+ Nf6 69. Ra6 Kh7 70. Kf5 Ng8 71. Ra7 Nf6 72. Ra6
Ng8 73. Re6 g6+ 74. Ke5 Kg7 75. Re8 g5 76. Kf5 Kf7 77. Rxg8 Kxg8
1-0

[Event "Oslo Chess International - Håvard Vederhus' memorial"]
[Site "Ullevaal Stadion"]
[Date "2013.09.29"]
[Round "8"]
[White "Rozentalis, Eduardas"]
[Black "Istratescu, Andrei"]
[Result "1/2-1/2"]
[WhiteElo "2614"]
[BlackElo "2646"]
[PlyCount "55"]
[EventDate "2013.??.??"]

1. e4 e5 2. Nf3 Nc6 3. Bb5 Nf6 4. d3 Bc5 5. O-O Nd4 6. Nxd4 Bxd4 7. Nd2 c6 8.
Ba4 d6 9. h3 h6 10. Bb3 O-O 11. a4 Bc5 12. c3 d5 13. Bc2 Re8 14. a5 a6 15. Qe2
Ba7 16. Re1 Be6 17. Nf3 dxe4 18. dxe4 Nd7 19. Be3 Bxe3 20. Qxe3 Qc7 21. b4 Red8
22. Red1 Nf8 23. Bd3 f6 24. Bf1 c5 25. Ne1 Rxd1 26. Rxd1 Rc8 27. Nd3 Nd7 28.
Rb1
1/2-1/2

[Event "Oslo Chess International - Håvard Vederhus' memorial"]
[Site "Ullevaal Stadion"]
[Date "2013.09.29"]
[Round "8"]
[White "Agdestein, Simen"]
[Black "Postny, Evgeny"]
[Result "1/2-1/2"]
[WhiteElo "2595"]
[BlackElo "2628"]
[PlyCount "84"]
[EventDate "2013.??.??"]

1. c4 Nf6 2. Nc3 e5 3. Nf3 Nc6 4. g3 Bb4 5. Bg2 Bxc3 6. bxc3 d6 7. d3 O-O 8. e4
a6 9. a4 Nd7 10. a5 b5 11. axb6 cxb6 12. O-O Rb8 13. Ba3 Nf6 14. Ne1 b5 15. Nc2
Qc7 16. Ne3 bxc4 17. Nxc4 Rd8 18. Ne3 Be6 19. Nd5 Bxd5 20. exd5 Ne7 21. Bb4
Nfxd5 22. Ba5 Nb6 23. Qb3 Nc6 24. Qc4 Rdc8 25. Bxb6 Rxb6 26. Rxa6 Rxa6 27. Qxa6
Ne7 28. Rc1 g6 29. Qa2 Qc5 30. h4 h5 31. Be4 Kg7 32. Qd2 Ng8 33. Bf3 Nf6 34.
Qe3 Qa3 35. Qd2 Rb8 36. Kg2 Rb2 37. Qe3 Qa2 38. c4 Rc2 39. Rxc2 Qxc2 40. Be2
Qb2 41. Bf3 Qc3 42. Be2 Qb2
1/2-1/2

[Event "Oslo Chess International - Håvard Vederhus' memorial"]
[Site "Ullevaal Stadion"]
[Date "2013.09.29"]
[Round "8"]
[White "Lie, Espen"]
[Black "Solodovnichenko, Yuri"]
[Result "1/2-1/2"]
[WhiteElo "2455"]
[BlackElo "2577"]
[PlyCount "94"]
[EventDate "2013.??.??"]

1. Nf3 d5 2. e3 c5 3. c4 e6 4. d4 Nf6 5. Nc3 Nc6 6. a3 cxd4 7. exd4 Be7 8. Be2
O-O 9. O-O Ne4 10. cxd5 exd5 11. Bf4 Nxc3 12. bxc3 Be6 13. Ne5 Rc8 14. Qb3 Na5
15. Qb2 f6 16. Nd3 Bf5 17. Rfe1 Rf7 18. Nb4 Nc4 19. Bxc4 Rxc4 20. Nc2 Bxc2 21.
Qxc2 Qc8 22. Qb3 Bf8 23. Re3 Re7 24. a4 Qc6 25. Rxe7 Bxe7 26. Bd2 a5 27. Kf1 b6
28. Ke2 Kf7 29. Qb5 h5 30. Qxc6 Rxc6 31. Kd3 Ke8 32. Rb1 Kd7 33. Rb5 Ke6 34.
Rb1 Bd8 35. Re1+ Kd7 36. Kc2 Bc7 37. h3 f5 38. Bg5 Bd6 39. Rb1 Bb4 40. Rb3 Be7
41. Bxe7 Kxe7 42. Rb5 Ke6 43. f4 h4 44. Kd3 Kd6 45. Kc2 Ke6 46. Kd3 Kd6 47. Kc2
Ke6
1/2-1/2

[Event "Oslo Chess International - Håvard Vederhus' memorial"]
[Site "Ullevaal Stadion"]
[Date "2013.09.29"]
[Round "8"]
[White "Adhiban, Baskaran"]
[Black "Schoellmann, Jochen"]
[Result "1-0"]
[WhiteElo "2567"]
[BlackElo "2268"]
[PlyCount "43"]
[EventDate "2013.??.??"]

1. e4 e5 2. Nf3 Nc6 3. Bb5 Nf6 4. d3 Bd6 5. c3 a6 6. Ba4 O-O 7. O-O Re8 8. Nbd2
Bf8 9. Re1 b5 10. Bb3 Na5 11. Bc2 d5 12. exd5 Qxd5 13. d4 e4 14. Ne5 Nc4 15.
Nxe4 Nxe5 16. Nxf6+ gxf6 17. Be4 Qe6 18. dxe5 Rb8 19. exf6 Kh8 20. Qh5 Qf5 21.
Qxf7 Bb7 22. Bh6
1-0

[Event "Oslo Chess International - Håvard Vederhus' memorial"]
[Site "Ullevaal Stadion"]
[Date "2013.09.29"]
[Round "8"]
[White "Lampert, Jonas"]
[Black "Narciso Dublan, Marc"]
[Result "1/2-1/2"]
[WhiteElo "2376"]
[BlackElo "2509"]
[PlyCount "93"]
[EventDate "2013.??.??"]

1. e4 c6 2. d4 d5 3. Nc3 dxe4 4. Nxe4 Nf6 5. Nxf6+ exf6 6. c3 Bd6 7. Bd3 O-O 8.
Qc2 Re8+ 9. Ne2 g6 10. h4 Be6 11. h5 f5 12. hxg6 fxg6 13. Bh6 Bf7 14. O-O-O Nd7
15. Kb1 b5 16. f3 Nf6 17. Qd2 a5 18. Bg5 Ra7 19. d5 Bxd5 20. Bxb5 Rd7 21. c4
Be7 22. cxd5 cxb5 23. Qe3 Bf8 24. Qf2 Bg7 25. Nf4 Ne4 26. fxe4 Qxg5 27. Ne6 Qg4
28. exf5 gxf5 29. Qf3 Qxf3 30. gxf3 Be5 31. f4 Bb8 32. Rh6 Ba7 33. Rd2 Rc8 34.
a3 Rc4 35. Rf6 Rc8 36. Rxf5 b4 37. Rg2+ Kh8 38. Rc2 Rg8 39. Ng5 h6 40. Rf7 Rxf7
41. Nxf7+ Kg7 42. Ne5 Bb8 43. axb4 axb4 44. Rc6 h5 45. Rb6 h4 46. Rxb4 Kf6 47.
Rb6+
1/2-1/2

[Event "Oslo Chess International - Håvard Vederhus' memorial"]
[Site "Ullevaal Stadion"]
[Date "2013.09.29"]
[Round "8"]
[White "Nijs, Nils"]
[Black "Elsness, Frode"]
[Result "1-0"]
[WhiteElo "2298"]
[BlackElo "2505"]
[PlyCount "45"]
[EventDate "2013.??.??"]

1. d4 Nf6 2. Nf3 e6 3. Bg5 c5 4. e3 cxd4 5. exd4 b6 6. c4 Bb7 7. Nc3 Be7 8. Bd3
Bxf3 9. Qxf3 Nc6 10. O-O Nxd4 11. Qh3 Rc8 12. Rad1 Rc5 13. f4 h6 14. Rfe1 Rg8
15. Bxf6 Bxf6 16. Ne4 Rc7 17. Bb1 Kf8 18. Nxf6 Qxf6 19. Qa3+ Rc5 20. Qxa7 Qxf4
21. Be4 g6 22. Rxd4 d5 23. Qxb6
1-0

[Event "Oslo Chess International - Håvard Vederhus' memorial"]
[Site "Ullevaal Stadion"]
[Date "2013.09.29"]
[Round "8"]
[White "Vea, Odin Blikra"]
[Black "Donchenko, Alexander"]
[Result "0-1"]
[WhiteElo "2226"]
[BlackElo "2467"]
[PlyCount "46"]
[EventDate "2013.??.??"]

1. e4 c6 2. d4 d5 3. e5 Bf5 4. h4 h5 5. c4 e6 6. Nc3 Ne7 7. Bg5 dxc4 8. Bxc4
Nd7 9. Bd3 Bxd3 10. Qxd3 Nxe5 11. Qg3 N5g6 12. Nge2 Nf5 13. Qd3 Be7 14. Bxe7
Qxe7 15. g3 Rd8 16. O-O-O Ne5 17. Qc2 Ng4 18. Rhf1 O-O 19. Kb1 Qb4 20. d5 cxd5
21. Nxd5 Rxd5 22. Rxd5 Nge3 23. fxe3 Nxe3
0-1

[Event "Oslo Chess International - Håvard Vederhus' memorial"]
[Site "Ullevaal Stadion"]
[Date "2013.09.29"]
[Round "8"]
[White "Grønn, Atle"]
[Black "Vaarala, Eric"]
[Result "1-0"]
[WhiteElo "2372"]
[BlackElo "2289"]
[PlyCount "93"]
[EventDate "2013.??.??"]

1. Nf3 d5 2. d4 a6 3. g3 c6 4. Bg2 Nf6 5. O-O e6 6. b3 Bd6 7. c4 O-O 8. Qc2
Nbd7 9. Nc3 Re8 10. Bb2 dxc4 11. bxc4 e5 12. d5 cxd5 13. Nxd5 Nxd5 14. cxd5 Nb6
15. Qb3 Bd7 16. a4 Nxa4 17. Rxa4 Bxa4 18. Qxa4 b5 19. Qa1 f6 20. Bh3 a5 21.
Be6+ Kh8 22. Rb1 Re7 23. Nd2 Rb7 24. Ne4 a4 25. Nxd6 Qxd6 26. Rc1 Rc7 27. Rxc7
Qxc7 28. Qa3 Qc4 29. Bc3 b4 30. Bxb4 Rb8 31. Bf8 Rb7 32. Qd3 Qc1+ 33. Kg2 Rb1
34. d6 Qh1+ 35. Kh3 Qf1+ 36. Kh4 Rb4+ 37. f4 Rd4 38. Qxd4 g5+ 39. fxg5 exd4 40.
Be7 fxg5+ 41. Bxg5 h6 42. Be7 Qb1 43. d7 Qe4+ 44. g4 Qxe6 45. d8=Q+ Kh7 46. Bf6
Qf7 47. Qe7
1-0

[Event "Oslo Chess International - Håvard Vederh"]
[Site "Ullevaal Stadion"]
[Date "2013.09.29"]
[Round "8"]
[White "Devereaux, Maxim L"]
[Black "Persson, Mats"]
[Result "1-0"]
[WhiteElo "2369"]
[BlackElo "2238"]
[PlyCount "193"]
[EventDate "2013.??.??"]

1. Nf3 Nf6 2. g3 e6 3. c4 d5 4. d4 c5 5. cxd5 exd5 6. Nc3 Nc6 7. Bg2 Be7 8. O-O
O-O 9. dxc5 Bxc5 10. Na4 Be7 11. Be3 Bg4 12. Nd4 Qa5 13. Nc3 Qd8 14. Rc1 Qd7
15. Nxc6 bxc6 16. Na4 Rfe8 17. Qc2 Rec8 18. Bc5 Bd8 19. Rfd1 Bh3 20. Bh1 Qe6
21. Qd3 Qg4 22. Bd4 Qh5 23. Qe3 Be6 24. f3 Nd7 25. Nc5 Nxc5 26. Rxc5 Bb6 27.
Rc3 Rab8 28. b4 Bd7 29. a3 Re8 30. Qf4 Qe5 31. Qxe5 Rxe5 32. e3 Re7 33. Kf2 f6
34. Bg2 Kf7 35. Bf1 Rbe8 36. Ba6 Rb8 37. Bc5 Bxc5 38. Rxc5 Rb6 39. Bd3 Be8 40.
Ra5 h6 41. h4 Reb7 42. h5 Ke7 43. g4 Rc7 44. Rc5 Rcb7 45. Kg3 Bd7 46. Rd2 Rb8
47. Kf4 R8b7 48. Be2 Kd6 49. Ra5 Ke7 50. Rd4 Rc7 51. Bd3 Rbb7 52. Rc5 Rb8 53.
e4 dxe4 54. Rxe4+ Kd6 55. Rd4+ Ke7 56. Rc1 Be8 57. Re4+ Kf8 58. Rc5 Rd8 59. Ke3
Rb7 60. Rd4 Rxd4 61. Kxd4 Rd7+ 62. Kc3 Ke7 63. Be4 Rc7 64. Kb3 Kd6 65. Ka4 Rb7
66. Ka5 Rb6 67. Bd3 Bf7 68. Be2 Bd5 69. Rc3 Rb7 70. Re3 Be6 71. f4 Rc7 72. Rd3+
Ke7 73. f5 Bd7 74. Re3+ Kd6 75. Bc4 Rb7 76. a4 Rc7 77. Be6 Be8 78. Rd3+ Ke7 79.
Ka6 Kf8 80. a5 Ke7 81. Rd2 c5 82. b5 c4 83. b6 axb6 84. axb6 c3 85. Re2 Rc5 86.
Bb3+ Kd8 87. Rxe8+ Kxe8 88. b7 c2 89. b8=Q+ Kd7 90. Qa7+ Kd6 91. Bxc2 Rxc2 92.
Qxg7 Ra2+ 93. Kb5 Ke5 94. Qxh6 Rb2+ 95. Kc4 Rg2 96. Qe3+ Kd6 97. Qf4+ 1-0

[Event "Oslo Chess International - Håvard Vederh"]
[Site "Ullevaal Stadion"]
[Date "2013.09.29"]
[Round "8"]
[White "Nagarajan, Raghavi"]
[Black "Schmitz, Thorsten"]
[Result "0-1"]
[WhiteElo "2174"]
[BlackElo "2322"]
[PlyCount "98"]
[EventDate "2013.??.??"]

1. e4 e5 2. Nf3 d6 3. d4 exd4 4. Nxd4 Nf6 5. Nc3 Be7 6. Bf4 O-O 7. Qd2 Nc6 8.
O-O-O Nxd4 9. Qxd4 Be6 10. f3 Nd7 11. Nd5 Bxd5 12. exd5 Bf6 13. Qd2 Nb6 14. g4
h6 15. Rg1 Bg5 16. Bxg5 Qxg5 17. f4 Qh4 18. Rg3 Rfe8 19. Qg2 Qf6 20. Rf3 g5 21.
h4 gxf4 22. g5 Qg7 23. Rxf4 hxg5 24. Rg4 Re5 25. hxg5 Rae8 26. g6 Qh6+ 27. Kb1
f5 28. Rgd4 Kg7 29. Bb5 R8e7 30. Qf2 a6 31. Bd3 Nxd5 32. a3 Qe3 33. Qh4 Qh6 34.
Qf2 Qg5 35. Rh4 Kf6 36. Rg1 Qxg1+ 37. Qxg1 Re1+ 38. Qxe1 Rxe1+ 39. Ka2 Kxg6 40.
Rh8 Nf6 41. Rb8 b6 42. Bxa6 f4 43. Rc8 Re7 44. Kb3 f3 45. Bd3+ Kg5 46. Kc4 f2
47. Rh8 Re1 48. Rh2 Ng4 49. Rh7 Ne5+ 0-1

[Event "Oslo Chess International - Håvard Vederh"]
[Site "Ullevaal Stadion"]
[Date "2013.09.29"]
[Round "8"]
[White "Kvisvik, Brede Alex"]
[Black "Haugli, Petter"]
[Result "1/2-1/2"]
[WhiteElo "2270"]
[BlackElo "2293"]
[PlyCount "149"]
[EventDate "2013.??.??"]

1. d4 d5 2. c4 Nc6 3. Nf3 Bg4 4. e3 e5 5. dxe5 d4 6. Be2 Bb4+ 7. Kf1 dxe3 8.
Qxd8+ Rxd8 9. Bxe3 Bxf3 10. gxf3 Nxe5 11. a3 Be7 12. Nc3 Nf6 13. Rg1 O-O 14. f4
Ng6 15. Bf3 c6 16. Bxa7 Nxf4 17. Be3 Ng6 18. Be2 Bd6 19. Kg2 Bf4 20. Bc5 Rfe8
21. Rad1 Rd2 22. Rxd2 Bxd2 23. Kf1 Nf4 24. Bd6 Bxc3 25. Bxf4 Bxb2 26. Rg3 Be5
27. Bxe5 Rxe5 28. Rb3 Re7 29. Bf3 Kf8 30. a4 Ke8 31. a5 Kd8 32. a6 bxa6 33.
Bxc6 Ra7 34. Ba4 Ne4 35. Rb8+ Kc7 36. Re8 Nd2+ 37. Ke2 Nxc4 38. Rh8 g6 39. Rxh7
Kb6 40. Bb3 Nd6 41. Rh4 Kc5 42. Kd3 a5 43. Rd4 Rb7 44. Rd5+ Kc6 45. Ba2 Rb2 46.
Rxa5 Rxf2 47. Ke3 Rf6 48. h4 Kb6 49. Ra4 Rf5 50. Rf4 Re5+ 51. Kd4 Re7 52. Rf6
Kc7 53. Bxf7 Rxf7 54. Rxg6 Rh7 55. Rg4 Nf5+ 56. Ke5 Nxh4 57. Rc4+ Kd7 58. Ra4
Rh5+ 59. Ke4 Nf5 60. Ra7+ Ke6 61. Ra6+ Nd6+ 62. Kf4 Rh4+ 63. Kg3 Re4 64. Kf3
Rb4 65. Ke3 Kd5 66. Ra5+ Nb5 67. Kf3 Ke5 68. Kg3 Kf5 69. Ra8 Rb3+ 70. Kh4 Nd4
71. Ra5+ Kf4 72. Ra4 Ke5 73. Kg5 Rb6 74. Rc4 Kd5 75. Ra4 1/2-1/2

[Event "Oslo Chess International - Håvard Vederh"]
[Site "Ullevaal Stadion"]
[Date "2013.09.29"]
[Round "8"]
[White "Lundin, Jan"]
[Black "Martinsen, Stig K"]
[Result "1-0"]
[WhiteElo "2285"]
[BlackElo "2134"]
[PlyCount "71"]
[EventDate "2013.??.??"]

1. d4 d6 2. e4 Nf6 3. Nd2 e5 4. c3 Nbd7 5. Ngf3 g6 6. Be2 Bg7 7. O-O O-O 8.
dxe5 dxe5 9. Re1 b6 10. Qc2 Bb7 11. Bf1 Qe7 12. a4 a6 13. b3 Rfd8 14. Bc4 h6
15. Nf1 Nc5 16. Ng3 Bc6 17. Bb2 b5 18. axb5 axb5 19. Rxa8 Rxa8 20. Bf1 Nfd7 21.
h4 h5 22. Bc1 Bf6 23. Bg5 Bxg5 24. Nxg5 Ne6 25. Nf3 Nf4 26. c4 b4 27. c5 Ra5
28. Bc4 Kg7 29. Qd2 Qxc5 30. Rc1 Qd6 31. Qe1 Bb7 32. Rd1 Qe7 33. Rxd7 Qxd7 34.
Qxb4 Ra1+ 35. Kh2 Ra7 36. Qc5 1-0

[Event "Oslo Chess International - Håvard Vederhus' memorial"]
[Site "Ullevaal Stadion"]
[Date "2013.09.29"]
[Round "8"]
[White "Dolzhikova, Olga"]
[Black "Mikalsen, Erlend"]
[Result "0-1"]
[WhiteElo "2237"]
[BlackElo "2145"]
[PlyCount "56"]
[EventDate "2013.??.??"]

1. e4 e5 2. Bc4 Nf6 3. d3 Bc5 4. Nf3 Nc6 5. c3 O-O 6. O-O d5 7. exd5 Nxd5 8.
Nbd2 Nb6 9. Bb5 Bg4 10. Qe1 Re8 11. Bxc6 bxc6 12. Qe4 f5 13. Qxc6 Bd6 14. Nc4
Qf6 15. Nxd6 cxd6 16. Be3 Rac8 17. Qb5 Bxf3 18. gxf3 Qg6+ 19. Kh1 Qh5 20. Qb3+
d5 21. Qd1 f4 22. Bxb6 Rc6 23. Rg1 Rxb6 24. b4 Rh6 25. Rg2 Ree6 26. Qg1 Reg6
27. Rd1 Rxg2 28. Qxg2 Rg6
0-1

[Event "Oslo Chess International - Håvard Vederh"]
[Site "Ullevaal Stadion"]
[Date "2013.09.29"]
[Round "8"]
[White "Mirzoeva, Elmira"]
[Black "Kvisla, Johannes"]
[Result "1-0"]
[WhiteElo "2215"]
[BlackElo "2157"]
[PlyCount "147"]
[EventDate "2013.??.??"]

1. d4 Nf6 2. c4 c5 3. d5 e6 4. Nc3 exd5 5. cxd5 d6 6. e4 g6 7. f4 Bg7 8. Bb5+
Nfd7 9. a4 a6 10. Bd3 O-O 11. Nf3 Qc7 12. O-O c4 13. Bc2 Nc5 14. Be3 Bd7 15.
Bd4 f6 16. Qe2 Nb3 17. Bxb3 cxb3 18. Nd2 a5 19. Nc4 Na6 20. Bb6 Bg4 21. Bxc7
Bxe2 22. Nxe2 Nxc7 23. Nxd6 f5 24. e5 Nxd5 25. Ra3 Rfd8 26. Rxb3 Nb4 27. Nc3
Bf8 28. Ncb5 Ra6 29. g3 Rc6 30. Rc3 Nd5 31. Rcc1 Ne3 32. Rfe1 Nc2 33. Rf1 Ne3
34. Nxb7 Rxc1 35. Rxc1 Rd2 36. N7d6 Ng4 37. h3 Nf2 38. Rc8 Nd3 39. Kf1 Rf2+ 40.
Kg1 Rd2 41. Nc4 Rc2 42. b3 Kg7 43. Rc7+ Kh6 44. Nbd6 Nc1 45. Rf7 Ne2+ 46. Kf1
Nxg3+ 47. Ke1 Bxd6 48. exd6 Re2+ 49. Kd1 Re4 50. d7 Rd4+ 51. Kc2 Ne4 52. Ne5
Nc5 53. Kc3 Rd1 54. Kc4 Nb7 55. Rf8 g5 56. Rb8 Nd6+ 57. Kc3 Ne4+ 58. Kc2 Rd2+
59. Kc1 Rxd7 60. Nxd7 g4 61. hxg4 fxg4 62. Rg8 Kh5 63. Kd1 Kh4 64. Ke2 h5 65.
Ke3 Nd6 66. Rg5 Nf7 67. Rxa5 g3 68. Kf3 g2 69. Kxg2 Kg4 70. Ne5+ Kxf4 71. Nxf7
Ke4 72. Rb5 h4 73. a5 h3+ 74. Kxh3 1-0

[Event "Oslo Chess International - Håvard Vederhus' memorial"]
[Site "Ullevaal Stadion"]
[Date "2013.09.29"]
[Round "8"]
[White "Andersen, Alf Roger"]
[Black "Røyset, Pål"]
[Result "1-0"]
[WhiteElo "2207"]
[BlackElo "2179"]
[PlyCount "41"]
[EventDate "2013.??.??"]

1. e4 c5 2. f4 d5 3. exd5 Nf6 4. b3 Bg4 5. Be2 Bxe2 6. Qxe2 Qxd5 7. Nc3 Qc6 8.
Nf3 Nbd7 9. O-O h6 10. Ne5 Nxe5 11. fxe5 Nd7 12. Bb2 a6 13. Rf3 Rh7 14. Ne4 e6
15. Raf1 g6 16. d3 Rd8 17. c4 Qc7 18. Qf2 f5 19. exf6 Rf7 20. Qe2 Nb8 21. Ng5
1-0

[Event "Oslo Chess International - Håvard Vederh"]
[Site "Ullevaal Stadion"]
[Date "2013.09.29"]
[Round "8"]
[White "Merkesvik, Sondre"]
[Black "Grønnestad, Anita"]
[Result "1-0"]
[WhiteElo "2055"]
[BlackElo "1995"]
[PlyCount "107"]
[EventDate "2013.??.??"]

1. Nf3 c5 2. g3 g6 3. Bg2 Bg7 4. d4 cxd4 5. Nxd4 Nc6 6. Nxc6 bxc6 7. O-O Nf6 8.
c4 O-O 9. Nc3 Qa5 10. Bd2 Qh5 11. Rc1 Ng4 12. h3 Nf6 13. e4 Qxd1 14. Rfxd1 Rb8
15. b3 d6 16. c5 dxc5 17. Na4 Nd7 18. Nxc5 Nxc5 19. Rxc5 Rd8 20. Rcc1 Bb7 21.
Ba5 Rd4 22. b4 e5 23. a3 h5 24. h4 Re8 25. Rxd4 exd4 26. f4 d3 27. e5 Re7 28.
Rd1 Rd7 29. Kf2 Bf8 30. Ke3 c5 31. Bh3 Rd4 32. Rxd3 Re4+ 33. Kd2 Ba6 34. Re3
Rd4+ 35. Kc2 cxb4 36. axb4 Bxb4 37. Bxb4 Rxb4 38. Ra3 Rc4+ 39. Kd2 Rc6 40. Ke3
Kg7 41. Bg2 Rb6 42. Be4 Re6 43. Bd5 Rb6 44. Kd4 Rb4+ 45. Kc5 Rb6 46. Be4 Bc8
47. Rxa7 Rb3 48. Bd5 Rxg3 49. Bxf7 Kf8 50. Bd5 Bf5 51. Kd6 Rc3 52. Rf7+ Ke8 53.
Rg7 Kf8 54. Rg8# 1-0